Ford Vehicles 1980-Present (North America) Quiz Stats

Quiz not verified by Sporcle

Challenge
Share
Tweet
Embed
Score 0/42 Timer 05:00
0 Plays Today
Years Model % Correct
1980-PresentF-Series
91.7%
1986-PresentTaurus
87.6%
1982-1988EXP
86.2%
2000-PresentFocus
84.8%
1980-PresentMustang
84.1%
1991-PresentExplorer
84.1%
1983-2012Ranger
75.2%
2001-PresentEscape
73.8%
1997-PresentExpedition
71.7%
1981-2003Escort (incl. ZX2)
70.3%
2006-PresentFusion
70.3%
1980, 2011-PresentFiesta
68.3%
1980-PresentE-Series/Econoline/Club Wagon
62.1%
2007-PresentEdge
57.9%
1995-2003Windstar
56.6%
1980-1996Bronco
53.8%
2000-2005Excursion
53.8%
1986-1997Aerostar
52.4%
1983-2011Crown Victoria (incl. LTD Crown Victoria)
51.7%
2009-PresentFlex
49.7%
2005-2007Five Hundred
45.5%
Years Model % Correct
1980-1997, 2002-2005Thunderbird
44.1%
2005-2006GT
42.1%
1980Pinto
40.7%
1986-1993Festiva
40.7%
1989-1997Probe
37.9%
1980-1986LTD
37.2%
2004-2007Freestar
34.5%
2005-2007Freestyle
34.5%
1984-1994Tempo
31.7%
1995-2000Contour
31%
1999-PresentSuper Duty
29.7%
2001-2005, 2007-2010Explorer Sport Trac
27.6%
1984-1990Bronco II
27.6%
1994-1997Aspire
26.9%
2012-PresentC-MAX
25.5%
2010-PresentTransit Connect
22.8%
2008-2009Taurus X
22.1%
1980-1982Granada
19.3%
1980-1983Fairmont
16.6%
1980-1982Courier
11%
1980-1991Country Squire
10.3%

You're not logged in!

Compare scores with friends on all Sporcle quizzes.
Sign Up with Email
OR
Log In

You Might Also Like...

Show Comments

Extras

Top Quizzes Today


Score Distribution

Your Account Isn't Verified!

In order to create a playlist on Sporcle, you need to verify the email address you used during registration. Go to your Sporcle Settings to finish the process.